000 00324nam a2200145Ia 4500
100 _aMehta N.V.
650 _aGeneral
942 _cBK
654 _aIncome Tax Ready Reckoner
245 _aIncome tax ready reckoner
260 _bShri Kuber Pub. House
_aMumbai
_c1997
300 _a336
546 _aENGLISH
999 _c26191
_d26191